00225nam a2200097Ia 4500100001200000654002000012245003700032260003700069300000900106546001200115 aAudels  aAir Compressors aPumps Hydraulics Air Compressors bD.B. Tarapore valaaBombayc1964 a1006 aENGLISH